Fr. Conceicao Rodrigues College of Engineering

Intd. to automata theory Languages & Computation (Record no. 21516)

MARC details
000 -LEADER
fixed length control field 00336nam a2200145Ia 4500
082 ## - DEWEY DECIMAL CLASSIFICATION NUMBER
Classification number 6.3
Item number HOP/MOT
100 ## - MAIN ENTRY--PERSONAL NAME
Personal name Hopcroft/ & Ullman J
245 ## - TITLE STATEMENT
Title Intd. to automata theory Languages & Computation
260 ## - PUBLICATION, DISTRIBUTION, ETC.
Name of publisher, distributor, etc. Pearson Edu
Place of publication, distribution, etc. Asia
Date of publication, distribution, etc. 2001
300 ## - PHYSICAL DESCRIPTION
Extent 521
546 ## - LANGUAGE NOTE
Language note ENGLISH
654 ## - SUBJECT ADDED ENTRY--FACETED TOPICAL TERMS
Focus term Computer
942 ## - ADDED ENTRY ELEMENTS (KOHA)
Koha item type BOOK
Holdings
Withdrawn status Lost status Damaged status Not for loan Collection Home library Current library Date acquired Total Checkouts Full call number Barcode Date last seen Date last checked out Price effective from Koha item type
        CRC Fr. Agnel's C.Rodrigues College of Engineering Fr. Agnel's C.Rodrigues College of Engineering 17/03/2023 1 6.3 HOP/MOT 12135 13/05/2026 02/04/2026 17/03/2023 BOOK
        CRC Fr. Agnel's C.Rodrigues College of Engineering Fr. Agnel's C.Rodrigues College of Engineering 17/03/2023   6.3 HOP/MOT 12136 17/03/2023   17/03/2023 BOOK
        CRC Fr. Agnel's C.Rodrigues College of Engineering Fr. Agnel's C.Rodrigues College of Engineering 17/03/2023   6.3 HOP/MOT 12137 17/03/2023   17/03/2023 BOOK
        CRC Fr. Agnel's C.Rodrigues College of Engineering Fr. Agnel's C.Rodrigues College of Engineering 17/03/2023   6.3 HOP/MOT 12138 17/03/2023   17/03/2023 BOOK
        CRC Fr. Agnel's C.Rodrigues College of Engineering Fr. Agnel's C.Rodrigues College of Engineering 17/03/2023   6.3 HOP/MOT 12139 17/03/2023   17/03/2023 BOOK